Normal view
MARC view
Entry Topical Term
001 - CONTROL NUMBER
- control field: 15564
003 - CONTROL NUMBER IDENTIFIER
- control field: ARRUPE
005 - DATE AND TIME OF LATEST TRANSACTION
- control field: 20150225173116.0
008 - FIXED-LENGTH DATA ELEMENTS
- fixed length control field: 150225|| aca||aabn | a|a d
040 ## - CATALOGING SOURCE
- Original cataloging agency: ARRUPE
- Transcribing agency: ARRUPE
150 ## - HEADING--TOPICAL TERM
- Topical term or geographic name as entry element: Davis, Johanna46500001059
670 ## - SOURCE DATA FOUND
- Source citation: Work cat.: (ARRUPE)122043: Davis, J.F. 15121, Mission accomplished :, 2013